Fundamentos de la deshidratación de productos alimenticios /

Guardado en:
Otros Autores: Crapiste, Guillermo Hector. (Disertante)
Formato: Manuscrito
Idioma:Spanish
Publicado: 1985.
Materias:
Etiquetas: Agregar Etiqueta
Sin Etiquetas, Sea el primero en etiquetar este registro!
LEADER 00998ntm a22002535a 4500
001 EIQ.libpla002580
008 070703s1985####ag#a#####bm###000#0#spa#d
005 20070703173407.0
245 1 0 |a Fundamentos de la deshidratación de productos alimenticios /  |c Guillermo Hector Crapiste. 
260 |c 1985. 
300 |a viii, 257 p. :  |b il., tablas, figuras ;  |c 21 cm. 
502 |a Tesis (doctorado)--Universidad Nacional del Sur. Departamento de Ingeniería Química, 1985. 
500 |a Director de tesis: Dr. Enrique Rotstein. 
504 |a Incluye referencias bibliográficas. 
100 1 |a Crapiste, Guillermo Hector.  |4 dis 
710 2 |a Universidad Nacional del Sur (UNS).  |b Dto. de Ingeniería Química  |4 dgg. 
650 4 |a Alimentos  |x Tesis. 
650 4 |a Alimentos  |x Deshidratación. 
650 4 |a Alimentos  |x Secaderos. 
650 4 |a Foods  |x Thesis. 
650 4 |a Foods  |x Dehydration. 
650 4 |a Foods  |x Dryers. 
040 |a AR-BbSID  |b spa  |c AR-BbSID 
859 |a AR-BbSID  |b BIB. PLAPIQUI  |h 664.84  |i C 84  |p 3070